Oxford handbook of caste (Record no. 1233371)

MARC details
000 -LEADER
fixed length control field 00611nam a2200217Ia 4500
005 - DATE AND TIME OF LATEST TRANSACTION
control field 20241129120115.0
008 - FIXED-LENGTH DATA ELEMENTS--GENERAL INFORMATION
fixed length control field 241129s9999||||xx |||||||||||||| ||und||
020 ## - INTERNATIONAL STANDARD BOOK NUMBER
International Standard Book Number 9780198896715
037 ## - SOURCE OF ACQUISITION
Stock number TB
040 ## - CATALOGING SOURCE
Original cataloging agency SDCL
Language of cataloging eng
Transcribing agency SDCL
041 ## - LANGUAGE CODE
Language code of text/sound track or separate title eng
Source of code eng
084 ## - COLON CLASSIFICATION NUMBER
Classification number Y5927.2'P, R3
Assigning agency SDCL
100 ## - MAIN ENTRY--PERSONAL NAME
Personal name Jodhka Surinder S. Ed.; Naudet Jules Ed.
9 (RLIN) 723783
245 #0 - TITLE STATEMENT
Title Oxford handbook of caste
260 ## - PUBLICATION, DISTRIBUTION, ETC.
Place of publication, distribution, etc. New York
Name of publisher, distributor, etc. Oxford University Press
Date of publication, distribution, etc. 2023
300 ## - PHYSICAL DESCRIPTION
Extent xx,660p.
365 ## - TRADE PRICE
Price type code INR
Price amount 4500
650 ## - SUBJECT ADDED ENTRY--TOPICAL TERM
Topical term or geographic name entry element Political Science
942 ## - ADDED ENTRY ELEMENTS (KOHA)
Koha item type Textbook
Classification part Y5927.2'P, R3
Holdings
Withdrawn status Lost status Source of classification or shelving scheme Damaged status Not for loan Home library Current library Date acquired Source of acquisition Cost, normal purchase price Total Checkouts Full call number Barcode Date last seen Price effective from Koha item type
    Colon Classification (CC)     South Campus Library South Campus Library 2024-11-29 Classic Book Service 4500.00   Y5927.2'P, R3 SC1689810 2024-11-29 2024-11-29 Textbook
Copyright @ Delhi University Library System